000 00995nam a22002657a 4500
005 20180213141031.0
008 090728t xxu||||| |||| 00| 0 pun d
010 _aPUN- B-577975-978 B-669947
020 _c50.00
_a9788126041695
035 _aPN- B-577975-978
035 _aB-669947
037 _bDBAD / PUB
037 _bSahitya Akademi
037 _bBPPD/Ven/KBD
040 _adpl
_bpn
082 _a921
100 _aਵਨੀਤਾ
245 _aਸੁਤਿੰਦਰ ਸਿੰਘ ਨੂਰ /
_cਵਨੀਤਾ
246 _aSutinder singh Noor;A monograph in punjabi
_bby Vanita
260 _aNew delhi
_bSahitya Prakashan
_c2013
270 _bNew Delhi
_a35, ਫ਼ਿਰੋਜ਼ਸ਼ਾਹ ਮਾਰਗ ਨਈ ਦਿੱਲੀ
_e110001
300 4 _a133p.
_c22ਸੇਂਮੀ (ਸਜਿਲੱਦ)
942 _2ddc
_cPN
_h921
_mਸੁਤਿੰਦ
999 _c88102
_d88102